IFM Opac

Management Information Systems:New Approaches to Organization (Record no. 18912)

MARC details
000 -LEADER
fixed length control field 00485nam a22001817a 4500
003 - CONTROL NUMBER IDENTIFIER
control field OSt
005 - DATE AND TIME OF LATEST TRANSACTION
control field 20220902094721.0
008 - FIXED-LENGTH DATA ELEMENTS--GENERAL INFORMATION
fixed length control field 220902b |||||||| |||| 00| 0 eng d
020 ## - INTERNATIONAL STANDARD BOOK NUMBER
International Standard Book Number 0139064621
040 ## - CATALOGING SOURCE
Transcribing agency IFM Library
082 ## - DEWEY DECIMAL CLASSIFICATION NUMBER
Classification number 58,4038
100 ## - MAIN ENTRY--PERSONAL NAME
Personal name Laudon
245 ## - TITLE STATEMENT
Title Management Information Systems:New Approaches to Organization
260 ## - PUBLICATION, DISTRIBUTION, ETC.
Place of publication, distribution, etc. Usa
Name of publisher, distributor, etc. Hall international ,inc.
Date of publication, distribution, etc. 1998
300 ## - PHYSICAL DESCRIPTION
Extent xxviii, 463p.:
Other physical details 27cm
500 ## - GENERAL NOTE
General note Include ,Index
942 ## - ADDED ENTRY ELEMENTS (KOHA)
Koha item type Books
Source of classification or shelving scheme Dewey Decimal Classification
Suppress in OPAC No

No items available.